| 000 | 00000nam##2200000za#4500 |
| 001 | 9.570009 |
| 003 | CaOODSP |
| 005 | 20210624182034 |
| 007 | cr ||||||||||| |
| 008 | 150406|2002||||xxc|||||o f|0| 0 eng|d |
| 040 | |aCaOODSP|beng |
| 043 | |an-cn--- |
| 086 | 1 |aNH18-1-2/167-2002E-PDF |
| 110 | 2 |aCanada Mortgage and Housing Corporation. |
| 245 | 10|aTheory to practice : |h[electronic resource]|blessons learned from the use of performance assessment measures to implement sustainable communities, final report / |c[by] Steven W. Peck and Ray Tomalty. |
| 246 | 1 |aLessons learned from the use of performance assessment measures to implement sustainable communities |
| 260 | |aOttawa - Ontario : |bCanada Mortgage and Housing Corporation |cJanuary 2002. |
| 300 | |a91p.|bfigs., maps (some coloured), references, tables |
| 490 | 1 |aResearch report |
| 546 | |a(Sommaire en français.) |
| 590 | |a11-26-Supp|b2011-11-03 |
| 720 | 1 |aTomalty, Ray |
| 720 | 1 |aPeck, Steven W. |
| 830 | #0|aResearch report (Canada Mortgage and Housing Corporation : Online)|w(CaOODSP)9.506068 |
| 856 | 40|ahttp://publications.gc.ca|qPDF|s2.83 MB|uhttps://publications.gc.ca/collections/collection_2011/schl-cmhc/nh18-1-2/NH18-1-2-167-2002-eng.pdf |